| 000 | 01320cam a22003131i 4500 | ||
|---|---|---|---|
| 003 | SA-RiAUC | ||
| 005 | 20250713114435.0 | ||
| 008 | 250711s1971 su f 00010dara c | ||
| 040 |
_aSA-MaUQU _bara _cSA-RiAUC _erda |
||
| 082 | 0 | 4 |
_a237.3 _qSA-RiAUC |
| 090 |
_a237.3 _bم ي د |
||
| 100 | 1 |
_aالميداني، عبد الرحمن حسن حبنكة، _d1927-2004 _eمؤلف. |
|
| 245 | 1 | 0 |
_aروائع من أقوال الرسول : _bدراسات أدبية ولغوية وفكرية / _cعبد الرحمن حسن حبنكة الميداني. |
| 264 | 1 |
_aمكة المكرمة : _bعبد الرحمن حسن حبنكة الميداني، _c1971. |
|
| 300 |
_a139 صفحة ؛ _c24 سم |
||
| 336 |
_aنص _btxt _2rdacontent _3كتاب |
||
| 337 |
_aبدون وسيط _bn _2rdamedia |
||
| 338 |
_aمجلد _bnc _2rdacarrier |
||
| 600 | 0 | 7 |
_aمحمد (صلى الله عليه وسلم)، _d53 قبل الهجرة-11 هجري _2aucnm |
| 650 | 7 |
_aالحديث _xجوامع الفنون _2aucsh |
|
| 650 | 7 |
_aالحديث _xبلاغة _2aucsh |
|
| 650 | 7 |
_aالحديث _xلغة، أسلوب _2aucsh |
|
| 650 | 7 |
_aالحديث _xشرح _2aucsh |
|
| 650 | 7 |
_aالحديث _xإعراب _2aucsh |
|
| 653 | _aالديانات | ||
| 899 | _aالنوادر. | ||
| 942 |
_2ddc _cBOOK _n0 |
||
| 949 |
_aSA-JeALM _d250711 _uosman123 _n1 |
||
| 999 |
_c9873 _d9873 |
||